000
00251nam a2200109Ia 4500
008
190216s9999||||xx |||||||||||||| ||und||
100
_a
Romila Thapar
245
0
_a
History Of India Part I
260
_b
Penguin Books
650
_a
History
942
_c
BK
999
_c
19095
_d
19095